Globalización, migración y trabajo en la capital del blue jeans: las mujeres trabajadoras de maquiladoras en el sur de Puebla /

El presente se basa en un estudio realizado en el sur del Estado de Puebla en México, sobre el proceso de industrialización de la década de 1990, la industria manufacturera de exportación en la confección textil (maquiladora) y el proceso contiguo y emergente de la migración. Poniendo en discusión e...

Full description

Saved in:
Bibliographic Details
Main Author: Santiago Nabor, Eduardo
Format: Text
Subjects:
Tags: Add Tag
No Tags, Be the first to tag this record!

MARC

LEADER 00000 a a2200000 04500
001 40797
003
040
100 |a Santiago Nabor, Eduardo  
245 |a Globalización, migración y trabajo en la capital del blue jeans: las mujeres trabajadoras de maquiladoras en el sur de Puebla /  |c Eduardo Santiago Nabor  
520 4 |a El presente se basa en un estudio realizado en el sur del Estado de Puebla en México, sobre el proceso de industrialización de la década de 1990, la industria manufacturera de exportación en la confección textil (maquiladora) y el proceso contiguo y emergente de la migración. Poniendo en discusión el desarrollo de la migración acelerada, las nuevas comunidades de origen internacional y la experiencia de las mujeres en este entorno.Con lo que se pretende entender los cambios en la dinámica de la región y los resultados posteriores a la instalación de maquiladoras, esto en un contexto de globalización económica y de adopción políticas neoliberales. 
590 |a SJB/MAYO2011  
650 |a INDUSTRIA TEXTIL  
650 |a MUJERES  
650 |a EMPLEO  
650 |a MIGRACION  
650 |a INDUSTRIALIZACION  
650 |a 6.GLOBALIZACION  
650 |a MEXICO  
773 |g número55 ( 2009), páginas 16-30 : tablas  
999 |c 21658  |d 21658